Escribir mejor 7º : la ortografía en uso /
Guardado en:
| Autor Principal: | |
|---|---|
| Otros Autores: | |
| Formato: | Libro |
| Publicado: |
Buenos Aires :
Estrada,
1999
|
| Materias: | |
| Etiquetas: |
Agregar Etiqueta
Sin Etiquetas, Sea el primero en etiquetar este registro!
|
| LEADER | 00883nam a22002415a 4500 | ||
|---|---|---|---|
| 001 | CEM.cems010254 | ||
| 005 | 20080530081631.0 | ||
| 008 | 130507s1999##################000#0#####d | ||
| 003 | CEMS | ||
| 020 | |a 9500107171 | ||
| 082 | 0 | 4 | |a 468.1 |
| 100 | 1 | |a Calero, Silvia | |
| 245 | 1 | 0 | |a Escribir mejor 7º : |b la ortografía en uso / |c Silvia Calero, Sebastián Vargas |
| 260 | |a Buenos Aires : |b Estrada, |c 1999 | ||
| 300 | |a 95 p. | ||
| 500 | |a Para tercer ciclo Egb | ||
| 505 | 0 | |a Verbos -- Advervios -- Puntuación -- Adjetivos -- Sustantivos -- Reglas ortográficas | |
| 653 | |a Ortografía | ||
| 653 | |a Lengua-egb | ||
| 700 | 1 | |a Vargas, Sebastián | |
| 859 | |a CEMS |b BIB. CEMS - 11 de abril |h 468.1 |i C128 |p 20776.00 |t Ej.1 |v 7º |3 7º | ||
| 859 | |a CEMS |b BIB. CEMS - 11 de abril |h 468.1 |i C128 |p 20777.00 |t Ej.2 |v 7º |3 7º | ||
| 859 | |a CEMS |b BIB. CEMS - 11 de abril |h 468.1 |i C128 |p 20778.00 |t Ej.3 |v 7º |3 7º | ||
